00474nam a2200145Ia 4500008004100000020001800041082001400059100001700073245004100090260001800131500001700149942000700166952014000173999001500313260604s9999 xx 000 0 und d a9780857634771 a808.3 HAR aSHREE935323 0aThe Secret Rescuers The Storm Dragon bNosy Crow Ltd aStorm Dragon cBK 00104070aIIMVbIIMVcChildren Collectiond2026-06-04g299.00l0o808.3 HARp003794r2026-06-04 10:19:14v299.00w2026-06-04yBKBHAR c8176d8176